[Event "RUS-ch Men Blitz 2019"]
[Site "Sochi"]
[Date "2019.10.17"]
[Round "4.10"]
[White "Gochelashvili, David"]
[Black "Triapishko, Alexandr"]
[Result "0-1"]
[WhiteElo "2403"]
[BlackElo "2514"]
[Annotator "ChessBase"]
[PlyCount "66"]
[EventDate "2019.10.17"]
[EventType "swiss"]
[EventCountry "RUS"]
[SourceTitle "playchess.com"]
[Source "ChessBase"]
[SourceQuality "1"]
[TimeControl "180+2"]

1. Nf3 {[%emt 0:00:00]} Nf6 {[%emt 0:00:01]} 2. d4 {[%emt 0:00:02]} e6 {[%emt 0:00:03]} 3. Bf4 {[%emt 0:00:06]} c5 {[%emt 0:00:05]} 4. c3 {[%emt 0:00:07]} d5 {[%emt 0:00:03]} 5. Nbd2 {[%emt 0:00:08]} Bd6 {[%emt 0:00:06]} 6. Bg3 {[%emt 0:00:11]} O-O {[%emt 0:00:04]} 7. e3 {[%emt 0:00:01]} Qc7 {[%emt 0:00:02]} 8. Bd3 {[%emt 0:00:03]} Nbd7 {[%emt 0:00:02]} 9. Rc1 {[%emt 0:00:11]} e5 {[%emt 0:00:05]} 10. dxe5 {[%emt 0:00:25]} Nxe5 {[%emt 0:00:02]} 11. Nxe5 {[%emt 0:00:02]} Bxe5 {[%emt 0:00:01]} 12. Nf3 {[%emt 0:00:10]} Bxg3 {[%emt 0:00:22]} 13. hxg3 {[%emt 0:00:01]} g6 {[%emt 0:00:00]} 14. c4 {[%emt 0:00:07]} Qa5+ {[%emt 0:00:25]} 15. Qd2 {[%emt 0:00:01]} Qxd2+ {[%emt 0:00:06]} 16. Kxd2 {[%emt 0:00:10]} Rd8 {[%emt 0:00:26]} 17. Ke2 {[%emt 0:00:05]} b6 {[%emt 0:00:08]} 18. Rh4 {[%emt 0:00:35]} h5 {[%emt 0:00:19]} 19. b4 {[%emt 0:00:54]} cxb4 {[%emt 0:00:11]} 20. c5 {[%emt 0:00:01]} bxc5 {[%emt 0:00:09]} 21. Rxc5 {[%emt 0:00:01]} a5 {[%emt 0:00:03]} 22. Rf4 {[%emt 0:00:01]} Kg7 {[%emt 0:00:08]} 23. Ng5 {[%emt 0:00:05]} Rd6 {[%emt 0:00:26]} 24. Rc7 {[%emt 0:00:08]} Bd7 {[%emt 0:00:00]} 25. Rb7 {[%emt 0:00:04]} Rc8 {[%emt 0:00:15]} 26. Kd2 {[%emt 0:00:04]} Be8 {[%emt 0:00:08]} 27. Ra7 {[%emt 0:00:02]} Rc5 {[%emt 0:00:03]} 28. Rd4 {[%emt 0:00:05]} Rd7 {[%emt 0:00:03]} 29. Ra6 {[%emt 0:00:03]} Nh7 {[%emt 0:00:04]} 30. Nf3 {[%emt 0:00:02]} Nf8 {[%emt 0:00:03]} 31. Ne5 {[%emt 0:00:01]} Re7 {[%emt 0:00:01]} 32. f4 {[%emt 0:00:01]} Ne6 {[%emt 0:00:00]} 33. Ra7 {[%emt 0:00:03]} Rxa7 {[%emt 0:00:02]} 0-1

[Event "RUS-ch Men Blitz 2019"]
[Site "Sochi"]
[Date "2019.10.17"]
[Round "4.11"]
[White "Pridorozhni, Aleksei"]
[Black "Airapetian, Gor"]
[Result "1-0"]
[WhiteElo "2599"]
[BlackElo "2447"]
[Annotator "ChessBase"]
[PlyCount "52"]
[EventDate "2019.10.17"]
[EventType "swiss"]
[EventCountry "RUS"]
[SourceTitle "playchess.com"]
[Source "ChessBase"]
[SourceQuality "1"]
[TimeControl "180+2"]

1. e4 c6 {[%emt 0:00:00]} 2. Nc3 {[%emt 0:00:01]} d5 {[%emt 0:00:01]} 3. Nf3 {[%emt 0:00:02]} Bg4 {[%emt 0:00:02]} 4. h3 {[%emt 0:00:01]} Bxf3 {[%emt 0:00:02]} 5. Qxf3 {[%emt 0:00:02]} e6 {[%emt 0:00:01]} 6. a3 {[%emt 0:00:01]} Nd7 {[%emt 0:00:09]} 7. d3 {[%emt 0:00:03]} g6 {[%emt 0:00:09]} 8. g3 {[%emt 0:00:02]} Bg7 {[%emt 0:00:01]} 9. Bg2 {[%emt 0:00:01]} Ne7 {[%emt 0:00:09]} 10. O-O {[%emt 0:00:02]} O-O {[%emt 0:00:02]} 11. Qe2 {[%emt 0:00:02]} Qb6 {[%emt 0:00:28]} 12. Kh2 {[%emt 0:00:02]} Rae8 {[%emt 0:00:54]} 13. f4 {[%emt 0:00:03]} Qc7 {[%emt 0:00:03]} 14. Bd2 {[%emt 0:00:04]} f5 {[%emt 0:00:20]} 15. e5 {[%emt 0:00:02]} a6 {[%emt 0:00:06]} 16. Nd1 {[%emt 0:00:15]} c5 {[%emt 0:00:01]} 17. c4 {[%emt 0:00:03]} Rd8 {[%emt 0:00:48]} 18. Ne3 {[%emt 0:00:03]} d4 {[%emt 0:00:09]} 19. Nc2 {[%emt 0:00:03]} b5 {[%emt 0:00:03]} 20. b3 {[%emt 0:00:03]} Nc6 {[%emt 0:00:06]} 21. Qf3 {[%emt 0:00:08]} Rc8 {[%emt 0:00:01]} 22. Rfc1 {[%emt 0:00:05]} bxc4 {[%emt 0:00:05]} 23. bxc4 {[%emt 0:00:02]} Nb6 {[%emt 0:00:03]} 24. a4 {[%emt 0:00:05]} Nd7 {[%emt 0:00:01]} 25. a5 {[%emt 0:00:05]} Ne7 {[%emt 0:00:02]} 26. Qb7 {[%emt 0:00:08]} Nb8 {[%emt 0:00:06]} 1-0

[Event "RUS-ch Men Blitz 2019"]
[Site "Sochi"]
[Date "2019.10.17"]
[Round "4.12"]
[White "Popov, Valerij"]
[Black "Smagin, Sergey"]
[Result "1/2-1/2"]
[WhiteElo "2535"]
[BlackElo "2551"]
[Annotator "TA"]
[PlyCount "97"]
[EventDate "2019.10.17"]
[EventType "swiss"]
[EventCountry "RUS"]
[SourceTitle "playchess.com"]
[Source "ChessBase"]
[SourceQuality "1"]

{[%evp 9,97,0,13,0,11,9,3,0,0,0,21,0,3,3,18,12,17,-134,-133,-130,-131,-127,-85,-206,-62,-70,0,0,0,0,0,-12,1,0,7,0,0,0,31,13,16,16,29,34,440,-16,-17,-58,-22,-17,-18,-22,0,-34,-33,-80,-94,-102,0,0,0,-9,105,-78,0,0,8,8,53,43,91,100,84,0,0,0,0,8,0,0,0,0,0,0,0,0,0,0,-8,-450]} 1. e4 e5 2. Bc4 Nf6 3. d3 Bc5 4. Nf3 d6 5. a4 (5. O-O O-O 6. c3 Nc6 7. a4 a6 8. b4 Ba7 9. Be3 Bxe3 10. fxe3 Ne7 11. Nbd2 Ng6 12. Bb3 a5 13. b5 c6 14. c4 d5 15. cxd5 cxd5 16. Qe2 Be6 17. Ng5 Bg4 18. Qf2 {½-½ (43) Radjabov,T (2759)-Kramnik,V (2753) Moscow 2019}) 5... a5 $146 ({Predecessor:} 5... Bg4 6. c3 a5 7. Qb3 O-O 8. Qxb7 Ra7 9. Qb3 Bxf3 10. gxf3 Nh5 11. Qd1 c6 12. d4 exd4 13. cxd4 {1-0 (29) Montalto,A (1811)-Piazza,D (1521) Erice 2009}) 6. O-O {C24: Bishop's Opening: 2...Nf6} O-O 7. h3 Be6 8. Nbd2 Nc6 9. Re1 Re8 10. c3 Bxc4 11. Nxc4 d5 12. exd5 Qxd5 13. Bg5 $2 (13. Be3 $11) 13... e4 $17 14. Bxf6 {Threatens to win with Nfd2.} exf3 ({Don't do} 14... gxf6 15. Nfd2 $15) 15. Bh4 fxg2 16. Qd2 (16. Re2 $17 {might work better.}) 16... h6 ({Better is} 16... Qf3 $19 17. Kh2 g1=R $1 {[%mdl 512]} 18. Rxg1 Bxf2 $1 {[%mdl 576] Decoy} 19. Bxf2 Re2 {[%mdl 64] Double Attack}) 17. Bg3 $15 Re6 (17... Rad8 $15 18. Bxc7 Rxe1+ 19. Rxe1 Rd7 20. Re8+ Kh7) 18. Rxe6 $1 $11 Qxe6 19. Kxg2 Rd8 {Hoping for ...Qxc4!} 20. Rd1 Rd7 21. b3 Bf8 22. d4 Qd5+ 23. Kh2 Qf3 (23... h5 {is interesting.} 24. Qe2 g6 25. Rd3 b6 26. Rf3 Kg7) 24. Qd3 (24. Re1 {with more complications.} Bd6 25. Nxd6 cxd6 26. Re8+ Kh7 27. Qe3) 24... Qxd3 25. Rxd3 b6 26. d5 Bc5 $2 {[%mdl 8192]} (26... Na7 $14) 27. Nd2 $2 (27. dxc6 $18 Rxd3 28. Bxc7) 27... Ne7 28. c4 Nf5 29. Ne4 Bb4 30. Kg2 f6 31. Bh2 Kf7 32. Kf3 g5 {White must now prevent ...Nh4+.} 33. Nc3 Bxc3 (33... Nh4+ $17 34. Ke2 f5) 34. Rxc3 $17 {[%mdl 4096] Endgame KRB-KRN} h5 35. Ke4 Kg6 (35... Nh4 $11) 36. Rf3 $2 {[#]} (36. c5 $1 $16 {is forced if you want to stay better.}) 36... Re7+ (36... Nh4 $1 $17 {aiming for ...Re7+.} 37. Re3 f5+ 38. Kd4 Kf7) 37. Kd3 $11 Rd7 38. Kc3 Nd6 39. Re3 $1 g4 40. hxg4 hxg4 {[#]} 41. Re6 ({White should try} 41. b4 $1 $16) 41... Kf5 {The position is equal.} 42. Bxd6 {[%mdl 64] Overworked Piece} Rxd6 {KR-KR} 43. Re7 c6 44. dxc6 Rxc6 45. b4 axb4+ 46. Kxb4 Kf4 47. Re3 f5 48. Kb5 Rc5+ 49. Kb4 $2 {[%mdl 40960] Accuracy: White = 38%, Black = 36%. . An unexpected result.} (49. Kxb6 $11 Rxc4 50. a5 Rb4+ 51. Kc6) 1/2-1/2

[Event "RUS-ch Men Blitz 2019"]
[Site "Sochi"]
[Date "2019.10.17"]
[Round "4.13"]
[White "Khegay, Dmitriy"]
[Black "Zakaryan, David"]
[Result "1-0"]
[WhiteElo "2509"]
[BlackElo "2338"]
[Annotator "ChessBase"]
[PlyCount "47"]
[EventDate "2019.10.17"]
[EventType "swiss"]
[EventCountry "RUS"]
[SourceTitle "playchess.com"]
[Source "ChessBase"]
[SourceQuality "1"]
[TimeControl "180+2"]

1. e4 {[%emt 0:00:00]} c5 {[%emt 0:00:00]} 2. Nf3 {[%emt 0:00:00]} Nc6 {[%emt 0:00:00]} 3. Nc3 {[%emt 0:00:02]} e6 {[%emt 0:00:02]} 4. d4 {[%emt 0:00:04]} cxd4 5. Nxd4 Qc7 {[%emt 0:00:02]} 6. g3 {[%emt 0:00:01]} a6 {[%emt 0:00:05]} 7. Bg2 {[%emt 0:00:01]} Nf6 {[%emt 0:00:03]} 8. O-O {[%emt 0:00:01]} Nxd4 {[%emt 0:00:10]} 9. Qxd4 {[%emt 0:00:01]} Bc5 {[%emt 0:00:01]} 10. Qd3 {[%emt 0:00:07]} h6 {[%emt 0:00:05]} 11. Be3 {[%emt 0:00:13]} d6 {[%emt 0:00:47]} 12. Rad1 {[%emt 0:00:16]} Ke7 {[%emt 0:00:13]} 13. Kh1 {[%emt 0:00:21]} Rd8 {[%emt 0:00:02]} 14. e5 {[%emt 0:00:10]} Ne8 {[%emt 0:00:13]} 15. exd6+ {[%emt 0:00:19]} Rxd6 {[%emt 0:00:08]} 16. Qe4 {[%emt 0:01:00]} Nf6 {[%emt 0:00:05]} 17. Qc4 {[%emt 0:00:01]} Nd7 {[%emt 0:00:50]} 18. Bf4 {[%emt 0:00:02]} e5 {[%emt 0:00:12]} 19. Be3 {[%emt 0:00:14]} Kf8 {[%emt 0:00:19]} 20. Nd5 {[%emt 0:00:12]} Qc6 {[%emt 0:00:12]} 21. Nf6 {[%emt 0:00:06]} Rxf6 {[%emt 0:00:04]} 22. Bxc6 {[%emt 0:00:01]} Rxc6 {[%emt 0:00:00]} 23. Rxd7 {[%emt 0:00:04]} Bxe3 {[%emt 0:00:08]} 24. Qxf7# 1-0

[Event "RUS-ch Men Blitz 2019"]
[Site "Sochi"]
[Date "2019.10.17"]
[Round "4.14"]
[White "Eraschenkov, Denis"]
[Black "Zakhartsov, Vladimir"]
[Result "1-0"]
[WhiteElo "2382"]
[BlackElo "2514"]
[Annotator "ChessBase"]
[PlyCount "68"]
[EventDate "2019.10.17"]
[EventType "swiss"]
[EventCountry "RUS"]
[SourceTitle "playchess.com"]
[Source "ChessBase"]
[SourceQuality "1"]
[TimeControl "180+2"]

1. e4 {[%emt 0:00:00]} c5 {[%emt 0:00:00]} 2. Nf3 {[%emt 0:00:01]} d6 {[%emt 0:00:00]} 3. c3 {[%emt 0:00:01]} Nf6 {[%emt 0:00:04]} 4. h3 {[%emt 0:00:01]} g6 {[%emt 0:00:04]} 5. Bd3 {[%emt 0:00:01]} Bg7 {[%emt 0:00:01]} 6. Bc2 {[%emt 0:00:01]} Nc6 {[%emt 0:00:05]} 7. d4 {[%emt 0:00:02]} d5 {[%emt 0:00:03]} 8. e5 {[%emt 0:00:09]} Ne4 {[%emt 0:00:02]} 9. O-O {[%emt 0:00:02]} O-O {[%emt 0:00:02]} 10. Nbd2 {[%emt 0:00:04]} Bf5 {[%emt 0:00:03]} 11. Re1 {[%emt 0:00:16]} Nxd2 {[%emt 0:00:03]} 12. Bxd2 {[%emt 0:00:03]} Bxc2 {[%emt 0:00:02]} 13. Qxc2 {[%emt 0:00:02]} Qb6 {[%emt 0:00:01]} 14. dxc5 {[%emt 0:00:12]} Qxc5 {[%emt 0:00:02]} 15. Be3 {[%emt 0:00:08]} Qa5 {[%emt 0:00:02]} 16. Bf4 {[%emt 0:00:08]} Rac8 {[%emt 0:00:04]} 17. Qd2 {[%emt 0:00:04]} Rfd8 {[%emt 0:00:57]} 18. Bh6 {[%emt 0:00:08]} d4 {[%emt 0:00:05]} 19. c4 {[%emt 0:00:20]} Qc5 {[%emt 0:00:24]} 20. Bxg7 {[%emt 0:00:04]} Kxg7 {[%emt 0:00:01]} 21. b3 {[%emt 0:00:02]} a5 {[%emt 0:00:15]} 22. Qf4 {[%emt 0:00:09]} h6 {[%emt 0:00:09]} 23. Rad1 {[%emt 0:00:14]} e6 {[%emt 0:00:26]} 24. Nh2 {[%emt 0:00:02]} Qe7 {[%emt 0:00:08]} 25. h4 {[%emt 0:00:02]} h5 {[%emt 0:00:05]} 26. Nf3 {[%emt 0:00:02]} Qc5 {[%emt 0:00:25]} 27. Ng5 {[%emt 0:00:07]} Qe7 {[%emt 0:00:10]} 28. Rd3 {[%emt 0:00:06]} Rd7 {[%emt 0:00:04]} 29. Ne4 {[%emt 0:00:07]} Rcd8 {[%emt 0:00:04]} 30. Nf6 {[%emt 0:00:06]} Nxe5 {[%emt 0:00:04]} 31. Nxh5+ {[%emt 0:00:07]} gxh5 {[%emt 0:00:01]} 32. Rxe5 {[%emt 0:00:02]} f6 {[%emt 0:00:03]} 33. Rg3+ {[%emt 0:00:05]} Kf8 {[%emt 0:00:03]} 34. Qh6+ {[%emt 0:00:05]} Qg7 {[%emt 0:00:03]} 1-0

[Event "RUS-ch Men Blitz 2019"]
[Site "Sochi"]
[Date "2019.10.17"]
[Round "4.15"]
[White "Kovalchuk, Alexey"]
[Black "Bryakin, Mikhail"]
[Result "0-1"]
[WhiteElo "2388"]
[BlackElo "2440"]
[Annotator "NA RC"]
[PlyCount "142"]
[EventDate "2019.10.17"]
[EventType "swiss"]
[EventCountry "RUS"]
[SourceTitle "playchess.com"]
[Source "ChessBase"]
[SourceQuality "1"]
[TimeControl "180+2"]

1. e4 {[%emt 0:00:00]} c6 {[%emt 0:00:00]} 2. d4 {[%emt 0:00:00]} d5 {[%emt 0:00:00]} 3. e5 {[%emt 0:00:01]} Bf5 {[%emt 0:00:00]} 4. Nf3 {[%emt 0:00:01]} e6 {[%emt 0:00:00]} 5. Be2 {[%emt 0:00:01]} Nd7 {[%emt 0:00:01]} 6. O-O {[%emt 0:00:02]} Bg6 {[%emt 0:00:00]} 7. Nbd2 {[%emt 0:00:03]} Nh6 {[%emt 0:00:01]} 8. Nb3 {[%emt 0:00:01]} Nf5 {[%emt 0:00:01]} 9. Bd2 {[%emt 0:00:02]} h5 {[%emt 0:00:02]} 10. Rc1 {[%emt 0:00:41]} h4 {[%emt 0:00:02]} 11. c4 {[%emt 0:00:17]} dxc4 {[%emt 0:00:01]} 12. Na5 {[%emt 0:00:02]} Rb8 {[%emt 0:00:11]} 13. Nxc4 {[%emt 0:00:06]} Be7 {[%emt 0:00:00]} 14. Ba5 {[%emt 0:00:03]} b6 {[%emt 0:00:18]} 15. Bd2 {[%emt 0:00:01]} O-O {[%emt 0:00:03]} 16. Ne3 {[%emt 0:00:29]} c5 {[%emt 0:00:01]} 17. d5 {[%emt 0:00:16]} Nxe3 {[%emt 0:00:28]} 18. Bxe3 {[%emt 0:00:01]} exd5 {[%emt 0:00:01]} 19. Qxd5 {[%emt 0:00:02]} Qc8 {[%emt 0:00:09]} 20. Rfd1 {[%emt 0:00:40]} Rd8 {[%emt 0:00:02]} 21. e6 {[%emt 0:00:15]} Nf6 {[%emt 0:00:06]} 22. exf7+ {[%emt 0:00:03]} Bxf7 {[%emt 0:00:02]} 23. Qe5 {[%emt 0:00:04]} Qe6 {[%emt 0:00:06]} 24. Qxe6 {[%emt 0:00:22]} Bxe6 {[%emt 0:00:01]} 25. b3 {[%emt 0:00:08]} Ne4 {[%emt 0:00:19]} 26. Bf4 {[%emt 0:00:06]} Rxd1+ {[%emt 0:00:04]} 27. Rxd1 {[%emt 0:00:02]} Rd8 {[%emt 0:00:01]} 28. Rxd8+ {[%emt 0:00:02]} Bxd8 {[%emt 0:00:00]} 29. Be5 {[%emt 0:00:04]} g5 {[%emt 0:00:09]} 30. Bd3 Bd5 31. Ne1 {[%emt 0:00:04]} Kf7 {[%emt 0:00:04]} 32. f3 {[%emt 0:00:02]} Nf6 {[%emt 0:00:02]} 33. Nc2 {[%emt 0:00:01]} Ke6 {[%emt 0:00:02]} 34. Bb8 {[%emt 0:00:02]} a5 {[%emt 0:00:05]} 35. Ne3 {[%emt 0:00:01]} Bc6 {[%emt 0:00:11]} 36. Bf5+ {[%emt 0:00:03]} Kf7 {[%emt 0:00:01]} 37. Nc4 {[%emt 0:00:02]} Bd5 {[%emt 0:00:20]} 38. Ne5+ {[%emt 0:00:03]} Ke7 {[%emt 0:00:03]} 39. Ng6+ Kf7 40. Ne5+ {[%emt 0:00:02]} Ke7 {[%emt 0:00:01]} 41. Kf2 {[%emt 0:00:01]} b5 {[%emt 0:00:14]} 42. Nd3 {[%emt 0:00:02]} c4 {[%emt 0:00:01]} 43. bxc4 {[%emt 0:00:01]} bxc4 {[%emt 0:00:05]} 44. Ne5 Bb6+ {[%emt 0:00:06]} 45. Ke2 {[%emt 0:00:05]} Bd4 {[%emt 0:00:07]} 46. Ng6+ {[%emt 0:00:01]} Kd8 {[%emt 0:00:04]} 47. Be5 {[%emt 0:00:03]} Bxe5 48. Nxe5 {[%emt 0:00:01]} Kc7 {[%emt 0:00:03]} 49. Ke3 {[%emt 0:00:02]} Kb6 {[%emt 0:00:10]} 50. Kd4 Kb5 51. Bc2 {[%emt 0:00:04]} Kb4 {[%emt 0:00:02]} 52. g3 {[%emt 0:00:02]} h3 {[%emt 0:00:10]} 53. f4 {[%emt 0:00:02]} gxf4 {[%emt 0:00:03]} 54. gxf4 {[%emt 0:00:01]} c3 {[%emt 0:00:04]} 55. Nd3+ {[%emt 0:00:01]} Ka3 {[%emt 0:00:01]} 56. Kxc3 {[%emt 0:00:02]} Kxa2 {[%emt 0:00:04]} 57. Nf2 {[%emt 0:00:02]} Bg2 {[%emt 0:00:05]} 58. Bf5 {[%emt 0:00:02]} Nd5+ {[%emt 0:00:00]} 59. Kd4 {[%emt 0:00:02]} Nxf4 {[%emt 0:00:01]} 60. Ke3 {[%emt 0:00:02]} Nd5+ {[%emt 0:00:02]} 61. Kd4 {[%emt 0:00:01]} Kb2 {[%emt 0:00:12]} 62. Nxh3 {[%emt 0:00:04]} Bxh3 {[%emt 0:00:05]} 63. Bxh3 {[%emt 0:00:01]} a4 {[%emt 0:00:01]} 64. Be6 {[%emt 0:00:02]} Nf4 {[%emt 0:00:06]} 65. Bc4 {[%emt 0:00:03]} Nh3 {[%emt 0:00:02]} 66. Ke3 {[%emt 0:00:02]} a3 {[%emt 0:00:02]} 67. Kf3 {[%emt 0:00:02]} Ng5+ {[%emt 0:00:01]} 68. Kg4 {[%emt 0:00:01]} Ne4 {[%emt 0:00:02]} 69. h4 {[%emt 0:00:01]} Nd2 {[%emt 0:00:01]} 70. Bd5 {[%emt 0:00:05]} Nb3 {[%emt 0:00:01]} 71. h5 {[%emt 0:00:01]} a2 {[%emt 0:00:00]} 0-1

[Event "RUS-ch Men Blitz 2019"]
[Site "Sochi"]
[Date "2019.10.17"]
[Round "4.16"]
[White "Tsydypov, Zhamsaran"]
[Black "Shcherbin, Matvei"]
[Result "1-0"]
[WhiteElo "2553"]
[BlackElo "2366"]
[Annotator "ChessBase"]
[PlyCount "53"]
[EventDate "2019.10.17"]
[EventType "swiss"]
[EventCountry "RUS"]
[SourceTitle "playchess.com"]
[Source "ChessBase"]
[SourceQuality "1"]
[TimeControl "180+2"]

1. e4 c5 2. Nf3 {[%emt 0:00:01]} e6 {[%emt 0:00:00]} 3. d4 {[%emt 0:00:01]} cxd4 {[%emt 0:00:00]} 4. Nxd4 {[%emt 0:00:01]} Bc5 {[%emt 0:00:00]} 5. Nb3 {[%emt 0:00:09]} Bb6 {[%emt 0:00:01]} 6. Bd3 {[%emt 0:00:07]} Ne7 {[%emt 0:00:01]} 7. O-O {[%emt 0:00:03]} O-O {[%emt 0:00:01]} 8. c4 {[%emt 0:00:03]} d6 {[%emt 0:00:02]} 9. Nc3 {[%emt 0:00:03]} Nbc6 {[%emt 0:00:01]} 10. Bf4 {[%emt 0:00:24]} f5 {[%emt 0:00:01]} 11. exf5 {[%emt 0:00:03]} Nxf5 {[%emt 0:00:01]} 12. Bxf5 {[%emt 0:00:06]} Rxf5 {[%emt 0:00:04]} 13. Bxd6 {[%emt 0:00:06]} Bd7 {[%emt 0:00:42]} 14. c5 {[%emt 0:00:02]} Bc7 {[%emt 0:00:01]} 15. Bxc7 {[%emt 0:00:02]} Qxc7 {[%emt 0:00:01]} 16. Nb5 {[%emt 0:00:01]} Qd8 {[%emt 0:00:11]} 17. Nd6 {[%emt 0:00:01]} Rd5 {[%emt 0:00:04]} 18. Qf3 {[%emt 0:00:16]} Ne5 {[%emt 0:00:01]} 19. Qg3 {[%emt 0:00:01]} b6 {[%emt 0:00:05]} 20. Rad1 {[%emt 0:00:10]} Ng6 {[%emt 0:00:58]} 21. Rxd5 {[%emt 0:00:02]} exd5 {[%emt 0:00:01]} 22. Qf3 {[%emt 0:00:01]} Be6 {[%emt 0:00:10]} 23. Re1 {[%emt 0:00:01]} Nf8 {[%emt 0:00:04]} 24. Rxe6 {[%emt 0:00:05]} Nxe6 {[%emt 0:00:01]} 25. Qf7+ {[%emt 0:00:01]} Kh8 {[%emt 0:00:01]} 26. Qxe6 {[%emt 0:00:01]} bxc5 27. Nf7+ 1-0